NATO + BRICS - Sudden Death - Statistics

General Stats
  • This quiz has been taken 78 times
    54 since last reset
  • The average score is 14 of 41
Answers on the Grid
Answers color-coded by a green-red scale on the quiz's grid according to % correct below.
Austria
Canada
UK
Albania
Vatican City
France
Croatia
Belgium
Serbia
Bulgaria
Japan
Czechia
Denmark
Estonia
Belarus
Finland
Germany
Greece
Egypt
Hungary
Venezuela
Georgia
Iceland
Italy
DRC
Iran
Latvia
Cyprus
Lithuania
Ireland
Saudi Arabia
Montenegro
Russia
Netherlands
Macedonia
Kazakhstan
Norway
Poland
Ukraine
Portugal
Romania
San Marino
Slovakia
Slovenia
Spain
Indonesia
Sweden
Türkiye
USA
Thailand
Brazil
Ethiopia
UAE
South Africa
India
China
Nigeria
 
Answer Stats
Answer % Correct
Germany
57%
France
54%
UK
54%
Netherlands
50%
Spain
50%
USA
50%
Italy
46%
Canada
43%
India
43%
Russia
43%
Sweden
43%
Türkiye
43%
China
39%
Croatia
39%
Finland
39%
Greece
39%
Iceland
39%
Latvia
39%
Norway
39%
South Africa
39%
Belgium
36%
Brazil
36%
Bulgaria
36%
Czechia
36%
Poland
36%
Portugal
36%
Denmark
32%
Estonia
32%
Romania
32%
Slovakia
32%
Lithuania
29%
Hungary
21%
Slovenia
21%
Albania
18%
Macedonia
18%
Montenegro
18%
Iran
11%
Japan
11%
UAE
11%
Egypt
7%
Ethiopia
7%
No matching quizzes found
Score Distribution
Percent of People with Each Score
Percentile by Number Answered
Your Score History
You have not taken this quiz since the last reset